LEADER 00853nab a2200157 i 4500 001 000000287200 003 CaOOAMICUS 005 20180831165346.0 008 180831n xx uu u0 0und r 013 $a40900 040 $aSeMil$bita 100 1 $aStork, Elisabeth.$0(OLS)http://semarc/name/84535 245 14$aDie Heilung der gekrümmten frau (Lk 13,10-17). Performativer zugang zur deutung im RU in der grundschule. - 14 p. :$bill. - Titolo principale dalla copertina. - [Materialbrief RU primarstufe]. 500 $a2014/1. 773 0 $tPraxisbeilage der katechetischen Blätter [2014].$dMünchen : Kösel, 2014.$w()241147 996 $6245$aDie Heilung der gekrümmten frau (Lk 13,10-17). Performativer zugang zur deutung im RU in der grundschule. - 14 p. :$bill. - Titolo principale dalla copertina. - [Materialbrief RU primarstufe]$9(OLS)http://semarc/title/367582 LEADER 00933nam a2200241 i 4500 001 000000188541 003 CaOOAMICUS 005 20100413000000.0 008 100413s1984 it u000 u ita u 013 $a166733 040 $aSeMil$bita 100 1 $aForte, Bruno,$c.$0(OLS)http://semarc/name/3366 245 10$aPreghiere /$cBruno Forte. 260 $aNapoli :$bD'Auria,$ccopyr. 1984. 300 $a62 p. ;$c17 cm. 490 0 $aLetture teologiche napoletane ;$v7 500 $aIn preliminari : Dedica autografa dell'autore. 650 4$aPreghiere - Testi.$0(OLS)http://semarc/subject/6541 830 0$aLetture teologiche napoletane ;$v7.$0(OLS)http://semarc/title/10308 850 $aSeMil 852 $aSeMil$W1$xVenegono$y1$m3F II 956$j211754$B139180$CSeMilBibl$Z2$F150779 $81 996 $6245$aPreghiere$9(OLS)http://semarc/title/50036 996 $6260$aNapoli :$bD'Auria$9(OLS)http://semarc/publisher/30041